[Event "Leiden op"]
[Site "Leiden"]
[Date "1992.02.29"]
[Round "4"]
[White "Pliester, Leon"]
[Black "Grischuk, Alexander"]
[Result "1-0"]
[WhiteElo "2417"]
[BlackElo "2000"]
[PlyCount "53"]
[EventDate "1992.02.28"]
[EventType "swiss"]
[EventRounds "6"]
[EventCountry "NED"]
[SourceTitle "EXT 2003"]
[Source "ChessBase"]
[SourceDate "2002.11.25"]
[SourceVersion "1"]
[SourceVersionDate "2002.11.25"]
[SourceQuality "1"]

1. e4 e6 2. d4 d5 3. Nc3 Bb4 4. e5 c5 5. a3 Bxc3+ 6. bxc3 Qc7 7. Nf3 Nc6 8. Be2
Nge7 9. O-O Bd7 10. a4 f6 11. Ba3 b6 12. exf6 gxf6 13. dxc5 e5 14. Nh4 bxc5 15.
Bh5+ Kd8 16. Bxc5 Qa5 17. Bd6 Qxc3 18. Bf7 Qd4 19. Qh5 Qg4 20. Qh6 Qg5 21. Qxg5
fxg5 22. Nf3 Rf8 23. Bxd5 Rc8 24. Rad1 Ke8 25. Nxg5 Nd4 26. Rxd4 exd4 27. Re1
1-0

[Event "RUS-ch U14"]
[Site "Ufa"]
[Date "1996.??.??"]
[Round "7"]
[White "Dolinskij, Boris"]
[Black "Grischuk, Alexander"]
[Result "0-1"]
[WhiteElo "2265"]
[BlackElo "2365"]
[PlyCount "50"]
[EventDate "1996.??.??"]
[EventType "swiss"]
[EventRounds "9"]
[EventCountry "RUS"]
[SourceTitle "EXT 2002"]
[Source "ChessBase"]
[SourceDate "2001.11.25"]
[SourceVersion "1"]
[SourceVersionDate "2001.11.25"]
[SourceQuality "1"]

1. d4 Nf6 2. c4 g6 3. Nc3 Bg7 4. e4 d6 5. Be2 O-O 6. Nf3 e5 7. d5 a5 8. h3 Na6
9. Bg5 h6 10. Be3 Nc5 11. Nd2 Ne8 12. g4 f5 13. gxf5 gxf5 14. exf5 Bxf5 15.
Bxc5 dxc5 16. Nde4 Nd6 17. Bd3 Bxe4 18. Nxe4 Nxe4 19. Bxe4 Qh4 20. Qe2 Rf4 21.
Bc2 e4 22. Rg1 Raf8 23. O-O-O Qf6 24. Rxg7+ Qxg7 25. Qe3 Rxf2 0-1

[Event "RUS-ch U14"]
[Site "Ufa"]
[Date "1996.??.??"]
[Round "8"]
[White "Grischuk, Alexander"]
[Black "Evelev, Vladimir M"]
[Result "1-0"]
[WhiteElo "2365"]
[BlackElo "2360"]
[PlyCount "67"]
[EventDate "1996.??.??"]
[EventType "swiss"]
[EventRounds "9"]
[EventCountry "RUS"]
[SourceTitle "EXT 2002"]
[Source "ChessBase"]
[SourceDate "2001.11.25"]
[SourceVersion "1"]
[SourceVersionDate "2001.11.25"]
[SourceQuality "1"]

1. e4 e5 2. Nf3 Nc6 3. Bb5 a6 4. Ba4 Nf6 5. O-O Nxe4 6. d4 b5 7. Bb3 d5 8. dxe5
Be6 9. Qe2 Na5 10. c3 Nxb3 11. axb3 Nc5 12. Nd4 Nd7 13. f4 c5 14. f5 cxd4 15.
fxe6 fxe6 16. cxd4 Qb6 17. Be3 Be7 18. Qf3 Rf8 19. Qh5+ g6 20. Qxh7 Nxe5 21.
Rxf8+ Bxf8 22. Nc3 Ra7 23. Qh3 Nf7 24. Rf1 Bg7 25. Qh7 Bf8 26. Qxg6 Qd6 27. h4
Qd8 28. h5 Qh4 29. Qxe6+ Re7 30. Qc6+ Rd7 31. Nxd5 Bg7 32. Rxf7 Kxf7 33. Qxd7+
Kf8 34. Qf5+ 1-0

[Event "Wch U14"]
[Site "Menorca"]
[Date "1996.??.??"]
[Round "11"]
[White "Grischuk, Alexander"]
[Black "Ganguly, Surya Shekhar"]
[Result "0-1"]
[WhiteElo "2375"]
[BlackElo "2265"]
[PlyCount "60"]
[EventDate "1996.??.??"]
[EventType "swiss"]
[EventRounds "11"]
[EventCountry "ESP"]
[SourceTitle "Juniors"]
[Source "ChessBase"]
[SourceDate "1999.07.01"]
[SourceVersion "1"]
[SourceVersionDate "1999.07.01"]
[SourceQuality "1"]

1. e4 Nf6 2. e5 Nd5 3. d4 d6 4. Nf3 Bg4 5. Be2 e6 6. O-O Be7 7. h3 Bh5 8. c4
Nb6 9. Nc3 O-O 10. Be3 d5 11. c5 Bxf3 12. gxf3 Nc8 13. f4 Bh4 14. Bd3 g6 15. f5
exf5 16. Qb3 Ne7 17. Qxb7 Nbc6 18. Bb5 Rb8 19. Qa6 f4 20. Bxf4 Nxd4 21. Bh6
Nef5 22. Bxf8 Qg5+ 23. Kh1 Qf4 24. Be2 Nf3 25. Bxf3 Qxf3+ 26. Kg1 Rxb2 27. Nd1
Ne3 28. Nxe3 Bxf2+ 29. Kh2 Bg1+ 30. Kxg1 Qg3+ 0-1

[Event "Wch U14 Disney"]
[Site "Paris"]
[Date "1996.??.??"]
[Round "5"]
[White "Grischuk, Alexander"]
[Black "Grigutavicius, Dainius"]
[Result "1-0"]
[WhiteElo "2375"]
[BlackElo "2105"]
[PlyCount "73"]
[EventDate "1996.??.??"]
[EventType "swiss (rapid)"]
[EventRounds "9"]
[EventCountry "FRA"]
[SourceTitle "Juniors"]
[Source "ChessBase"]
[SourceDate "1999.07.01"]
[SourceVersion "1"]
[SourceVersionDate "1999.07.01"]
[SourceQuality "1"]

1. e4 e6 2. d4 d5 3. Nd2 Nf6 4. e5 Nfd7 5. Bd3 c5 6. c3 Nc6 7. Ne2 cxd4 8. cxd4
f6 9. exf6 Nxf6 10. O-O Bd6 11. Nf3 Qc7 12. Nc3 a6 13. Bg5 O-O 14. Bh4 Nh5 15.
Bg3 Nxg3 16. hxg3 g6 17. Qd2 Qg7 18. Bc2 Bd7 19. Rad1 h6 20. Na4 Be8 21. Rfe1
Bf7 22. Nc5 Bxc5 23. dxc5 e5 24. Ba4 Rfe8 25. Bxc6 bxc6 26. Qe2 e4 27. Nd4 Qf6
28. Qd2 g5 29. Qa5 Bh5 30. Rd2 e3 31. fxe3 Qe5 32. Nxc6 Qxg3 33. Rf2 Rxe3 34.
Ne7+ Kh7 35. Nxd5 Rxe1+ 36. Qxe1 Bg4 37. Rf7+ 1-0

[Event "Moscow-ch"]
[Site "Moscow"]
[Date "1996.??.??"]
[Round "1"]
[White "Lysova, Olga"]
[Black "Grischuk, Alexander"]
[Result "0-1"]
[WhiteElo "2010"]
[BlackElo "2375"]
[PlyCount "80"]
[EventDate "1996.08.??"]
[EventType "swiss"]
[EventRounds "11"]
[EventCountry "RUS"]
[SourceTitle "CBM 055 Extra"]
[Source "ChessBase"]
[SourceDate "1997.01.01"]
[SourceVersion "1"]
[SourceVersionDate "1997.01.01"]
[SourceQuality "1"]

1. e4 e5 2. Nf3 Nc6 3. Nc3 Nf6 4. g3 Bc5 5. Bg2 d6 6. d3 Bb6 7. O-O O-O 8. Be3
Be6 9. h3 Re8 10. Kh2 Bxe3 11. fxe3 d5 12. exd5 Nxd5 13. Nxd5 Bxd5 14. e4 Be6
15. Qd2 Qd6 16. a3 Rad8 17. h4 Nd4 18. Bh3 Bxh3 19. Kxh3 c5 20. Qf2 f6 21. Rad1
Qe6+ 22. Kg2 Qa2 23. c3 Nxf3 24. Kxf3 b6 25. Kg2 Rd7 26. Rd2 Red8 27. Rfd1 Qb3
28. Kh2 Rd6 29. Qe2 R8d7 30. Qf2 Rd8 31. Qe2 g6 32. Qg4 Kg7 33. h5 Rxd3 34.
Rxd3 Rxd3 35. Rxd3 Qc2+ 36. Kh3 Qxd3 37. hxg6 hxg6 38. Qc8 Qxe4 39. Qc7+ Kh6
40. Qxa7 Qh1+ 0-1

[Event "Moscow-ch"]
[Site "Moscow"]
[Date "1996.??.??"]
[Round "4"]
[White "Grischuk, Alexander"]
[Black "Aliabiev, Boris"]
[Result "1/2-1/2"]
[WhiteElo "2375"]
[BlackElo "2210"]
[PlyCount "65"]
[EventDate "1996.08.??"]
[EventType "swiss"]
[EventRounds "11"]
[EventCountry "RUS"]
[SourceTitle "CBM 055 Extra"]
[Source "ChessBase"]
[SourceDate "1997.01.01"]
[SourceVersion "1"]
[SourceVersionDate "1997.01.01"]
[SourceQuality "1"]

1. e4 e5 2. Nf3 Nc6 3. Bb5 f5 4. Nc3 fxe4 5. Nxe4 Nf6 6. Qe2 Qe7 7. O-O d5 8.
Ng3 e4 9. Nd4 Qc5 10. Nb3 Bg4 11. Nxc5 Bxe2 12. Nxe2 Bxc5 13. d4 exd3 14. cxd3
O-O 15. Bxc6 bxc6 16. d4 Bb6 17. Be3 Rae8 18. h3 Ne4 19. Nc3 Nd6 20. Na4 Nf5
21. Nxb6 cxb6 22. Rac1 Rf6 23. Rc2 Ree6 24. Rfc1 h5 25. b4 Rg6 26. Rc3 Nh4 27.
g3 Nf5 28. Kg2 Kf7 29. Ra3 Re7 30. Rac3 Ree6 31. Ra3 Re7 32. Rac3 Ree6 33. Ra3
1/2-1/2

[Event "Moscow-ch"]
[Site "Moscow"]
[Date "1996.??.??"]
[Round "10"]
[White "Grischuk, Alexander"]
[Black "Najer, Evgeniy"]
[Result "0-1"]
[WhiteElo "2375"]
[BlackElo "2480"]
[PlyCount "88"]
[EventDate "1996.08.??"]
[EventType "swiss"]
[EventRounds "11"]
[EventCountry "RUS"]
[SourceTitle "CBM 055 Extra"]
[Source "ChessBase"]
[SourceDate "1997.01.01"]
[SourceVersion "1"]
[SourceVersionDate "1997.01.01"]
[SourceQuality "1"]

1. e4 e5 2. Nf3 Nc6 3. Bb5 Nd4 4. Nxd4 exd4 5. O-O Bc5 6. c3 c6 7. Bc4 d5 8.
exd5 cxd5 9. Bb5+ Kf8 10. cxd4 Bxd4 11. Nc3 Nf6 12. Qa4 Bc5 13. d4 Bd6 14. h3
h6 15. Be2 Be6 16. Bf3 g5 17. Re1 a6 18. Bd2 b5 19. Qb3 Rc8 20. Nd1 Kg7 21. a4
Ne4 22. Bb4 Bxb4 23. Qxb4 Rc4 24. Qb3 bxa4 25. Qd3 Qf6 26. Bxe4 dxe4 27. Rxe4
Rd8 28. Nc3 Rb4 29. Qxa6 Rxb2 30. Nd1 Rd2 31. Qxa4 Bf5 32. Re1 Bc2 33. Qa5
R8xd4 34. Ne3 Qxf2+ 35. Kh1 Be4 36. Qe5+ Kh7 37. Qh2 R4d3 38. Qg1 Bxg2+ 39.
Qxg2 Qxg2+ 40. Nxg2 Rxh3+ 41. Kg1 Rg3 42. Re2 Rxe2 43. Ra2 Rgxg2+ 44. Kh1 Rh2+
0-1

[Event "RUS-Cup2"]
[Site "Moscow"]
[Date "1996.??.??"]
[Round "4"]
[White "Zagrebelny, Sergey"]
[Black "Grischuk, Alexander"]
[Result "1-0"]
[WhiteElo "2480"]
[BlackElo "2375"]
[PlyCount "81"]
[EventDate "1996.11.28"]
[EventType "swiss"]
[EventRounds "9"]
[EventCountry "RUS"]
[SourceTitle "CBM 056 Extra"]
[Source "ChessBase"]
[SourceDate "1997.03.01"]
[SourceVersion "1"]
[SourceVersionDate "1997.03.01"]
[SourceQuality "1"]

1. e4 e5 2. Nf3 Nc6 3. Bb5 a6 4. Ba4 Nf6 5. O-O Be7 6. Re1 b5 7. Bb3 d6 8. c3
O-O 9. h3 Na5 10. Bc2 c5 11. d4 Bb7 12. d5 Nc4 13. a4 Nb6 14. b3 Bc8 15. Be3 g6
16. b4 cxb4 17. axb5 bxc3 18. Nxc3 Nfd7 19. Bd3 a5 20. Ra2 f5 21. Qa1 f4 22.
Bxb6 Qxb6 23. Na4 Qb8 24. b6 Ba6 25. Bxa6 Rxa6 26. Rc1 Rc8 27. Rb2 Nc5 28. Nxc5
Rxc5 29. Rxc5 dxc5 30. Qa4 Rxb6 31. Rxb6 Qxb6 32. Qe8+ Bf8 33. Nxe5 Qf6 34. Nc4
f3 35. e5 Qg5 36. Ne3 a4 37. d6 Kg7 38. Qd7+ Kg8 39. e6 Qf6 40. e7 Qa1+ 41. Nf1
1-0

[Event "RUS-Cup2"]
[Site "Moscow"]
[Date "1996.??.??"]
[Round "9"]
[White "Grischuk, Alexander"]
[Black "Nedochetov, Mikhail"]
[Result "1/2-1/2"]
[WhiteElo "2375"]
[BlackElo "2230"]
[PlyCount "127"]
[EventDate "1996.11.28"]
[EventType "swiss"]
[EventRounds "9"]
[EventCountry "RUS"]
[SourceTitle "CBM 056 Extra"]
[Source "ChessBase"]
[SourceDate "1997.03.01"]
[SourceVersion "1"]
[SourceVersionDate "1997.03.01"]
[SourceQuality "1"]

1. e4 c6 2. d4 d5 3. Nc3 dxe4 4. Nxe4 Bf5 5. Ng3 Bg6 6. h4 h6 7. Nf3 Nd7 8. h5
Bh7 9. Bd3 Bxd3 10. Qxd3 Qc7 11. Bd2 e6 12. O-O-O O-O-O 13. Qe2 Bd6 14. Ne4 Bf4
15. Bxf4 Qxf4+ 16. Qe3 Qxe3+ 17. fxe3 Ndf6 18. Nf2 Ne7 19. Ne5 Rhf8 20. c4 Nd7
21. Nxd7 Rxd7 22. Ne4 Nf5 23. Rh3 Nd6 24. Nxd6+ Rxd6 25. Rg3 Rg8 26. Rf1 Rd7
27. Rf6 gxf6 28. Rxg8+ Rd8 29. Rg7 Rf8 30. g4 Kd8 31. Rh7 Ke7 32. Rxh6 Rg8 33.
Kd2 Rxg4 34. Rh8 Rg2+ 35. Kc3 Rg3 36. Rb8 Rxe3+ 37. Kd2 Rh3 38. Rxb7+ Ke8 39.
Rxa7 Rxh5 40. a4 Rh2+ 41. Kc3 Rh3+ 42. Kb4 Rh2 43. a5 Rxb2+ 44. Kc5 f5 45. a6
Ra2 46. Kxc6 f4 47. Kd6 Kf8 48. Ke5 f3 49. Kf6 Kg8 50. Ra8+ Kh7 51. Rf8 Rxa6
52. Rxf7+ Kg8 53. Rg7+ Kf8 54. Rg3 Ra7 55. Rg1 Ra4 56. Rb1 Kg8 57. Rg1+ Kf8 58.
Rf1 Rxc4 59. Rxf3 Rc6 60. Ke5+ Ke7 61. Rh3 Ra6 62. Rh7+ Kd8 63. Rh6 Ra5+ 64.
Kd6 1/2-1/2

[Event "Jaroslawiec op"]
[Site "Jaroslawiec"]
[Date "1997.??.??"]
[Round "?"]
[White "Brozek, Zbigniew"]
[Black "Grischuk, Alexander"]
[Result "0-1"]
[WhiteElo "2155"]
[BlackElo "2340"]
[PlyCount "46"]
[EventDate "1997.??.??"]
[EventType "swiss"]
[EventRounds "9"]
[EventCountry "POL"]
[SourceTitle "EXT 2003"]
[Source "ChessBase"]
[SourceDate "2002.11.25"]
[SourceVersion "1"]
[SourceVersionDate "2002.11.25"]
[SourceQuality "1"]

1. e4 c5 2. Nf3 e6 3. d4 cxd4 4. Nxd4 Nc6 5. c4 Nf6 6. Nc3 Bb4 7. Nxc6 bxc6 8.
Qc2 O-O 9. Bd3 Ng4 10. Bf4 e5 11. Bg3 d6 12. a3 Bc5 13. h3 Nh6 14. Qd2 f5 15.
f3 fxe4 16. Nxe4 Nf5 17. Bf2 Bxf2+ 18. Qxf2 d5 19. Ng3 Nh4 20. Rd1 Qg5 21. cxd5
cxd5 22. O-O Bxh3 23. gxh3 Rxf3 0-1

[Event "Jaroslawiec op"]
[Site "Jaroslawiec"]
[Date "1997.??.??"]
[Round "?"]
[White "Grischuk, Alexander"]
[Black "Michalski, Olaf"]
[Result "1-0"]
[WhiteElo "2340"]
[BlackElo "2285"]
[PlyCount "29"]
[EventDate "1997.??.??"]
[EventType "swiss"]
[EventRounds "9"]
[EventCountry "POL"]
[SourceTitle "EXT 2003"]
[Source "ChessBase"]
[SourceDate "2002.11.25"]
[SourceVersion "1"]
[SourceVersionDate "2002.11.25"]
[SourceQuality "1"]

1. Nf3 Nf6 2. c4 e6 3. Nc3 c5 4. e3 b6 5. d4 Bb7 6. d5 exd5 7. cxd5 d6 8. e4 g6
9. Bb5+ Nbd7 10. e5 dxe5 11. Nxe5 Bd6 12. Nc6 Bxc6 13. dxc6 Qe7+ 14. Kf1 Ne5
15. Bg5 1-0

[Event "Jaroslawiec op"]
[Site "Jaroslawiec"]
[Date "1997.??.??"]
[Round "?"]
[White "Socko, Bartosz"]
[Black "Grischuk, Alexander"]
[Result "1/2-1/2"]
[WhiteElo "2435"]
[BlackElo "2340"]
[PlyCount "70"]
[EventDate "1997.??.??"]
[EventType "swiss"]
[EventRounds "9"]
[EventCountry "POL"]
[SourceTitle "EXT 2003"]
[Source "ChessBase"]
[SourceDate "2002.11.25"]
[SourceVersion "1"]
[SourceVersionDate "2002.11.25"]
[SourceQuality "1"]

1. e4 c5 2. Nf3 Nc6 3. d4 cxd4 4. Nxd4 e6 5. Nc3 Qc7 6. Be3 a6 7. Bd3 Nge7 8.
O-O Nxd4 9. Bxd4 Nc6 10. Be3 Be7 11. f4 d6 12. Qh5 Qa5 13. Qe2 O-O 14. Rad1 b5
15. a3 Rb8 16. Kh1 Rd8 17. Nd5 Rd7 18. Bb6 Rxb6 19. b4 Qxa3 20. Nxb6 Rc7 21. e5
Qxb4 22. exd6 Bxd6 23. Be4 Bb7 24. Qd3 Be7 25. Bxh7+ Kf8 26. Nd7+ Ke8 27. Ne5
Nxe5 28. fxe5 Qc4 29. Rf2 Bd5 30. h3 Qh4 31. Rxf7 Kxf7 32. Qg6+ Kf8 33. Rf1+
Bf6 34. exf6 Qxh3+ 35. Kg1 Qe3+ 1/2-1/2

[Event "Kasparov Cup"]
[Site "Moscow"]
[Date "1997.??.??"]
[Round "?"]
[White "Batsanin, Dmitry"]
[Black "Grischuk, Alexander"]
[Result "1/2-1/2"]
[WhiteElo "2300"]
[BlackElo "2340"]
[PlyCount "42"]
[EventDate "1997.??.??"]
[EventType "swiss"]
[EventRounds "9"]
[EventCountry "RUS"]
[SourceTitle "EXT 2000"]
[Source "ChessBase"]
[SourceDate "1999.11.16"]
[SourceVersion "1"]
[SourceVersionDate "1999.11.16"]
[SourceQuality "1"]

1. e4 e5 2. Nf3 Nc6 3. d4 exd4 4. Nxd4 Bc5 5. Nxc6 Qf6 6. Qd2 dxc6 7. Nc3 Ne7
8. Qf4 Ng6 9. Qxf6 gxf6 10. Bd2 Rg8 11. Na4 Bd6 12. O-O-O Be6 13. Kb1 O-O-O 14.
Be3 f5 15. exf5 Bxf5 16. Nc3 Rde8 17. g3 Bg4 18. Be2 Ne5 19. Rde1 Nf3 20. Rd1
Ne5 21. Rde1 Nf3 1/2-1/2

[Event "Kasparov Cup"]
[Site "Moscow"]
[Date "1997.??.??"]
[Round "?"]
[White "Grischuk, Alexander"]
[Black "Gashimov, Vugar"]
[Result "1-0"]
[WhiteElo "2340"]
[BlackElo "2255"]
[PlyCount "151"]
[EventDate "1997.??.??"]
[EventType "swiss"]
[EventRounds "9"]
[EventCountry "RUS"]
[SourceTitle "EXT 2000"]
[Source "ChessBase"]
[SourceDate "1999.11.16"]
[SourceVersion "1"]
[SourceVersionDate "1999.11.16"]
[SourceQuality "1"]

1. e4 c5 2. Nf3 d6 3. d4 cxd4 4. Qxd4 Nc6 5. Bb5 Bd7 6. Bxc6 Bxc6 7. c4 Nf6 8.
Nc3 e6 9. O-O Be7 10. b3 O-O 11. Bb2 a6 12. a4 Qa5 13. Ba3 Qh5 14. Rfe1 Rfd8
15. Rad1 Ng4 16. Qd2 h6 17. h3 Ne5 18. Nd4 Be8 19. f4 Nc6 20. Nf3 g5 21. f5 Ne5
22. Nd4 Bd7 23. Qf2 Kh7 24. Re3 g4 25. f6 Bf8 26. Nde2 b5 27. h4 Qg6 28. cxb5
axb5 29. Bxd6 Bxd6 30. Rxd6 bxa4 31. Qf4 Ra5 32. Nxa4 Rb8 33. Nb2 Qh5 34. Rd1
Rb7 35. Qf2 Qg6 36. Ng3 Ra2 37. Rd2 Bc6 38. Kh2 Qg8 39. Rc2 Qb8 40. Nc4 Nxc4
41. bxc4 Rbb2 42. Rxb2 Rxb2 43. Re2 Rxe2 44. Qxe2 Qe5 45. Qxg4 Qxf6 46. Qh5 Qf4
47. Kh3 Bxe4 48. Nxe4 Qxe4 49. Qxf7+ Kh8 50. Qf8+ Kh7 51. c5 Qe3+ 52. g3 Qe4
53. Kh2 Qc2+ 54. Kg1 Qc3 55. Kg2 Qc2+ 56. Qf2 Qe4+ 57. Kh2 Kg6 58. Qg2 Qc4 59.
c6 h5 60. Qd2 Kh7 61. Qd7+ Kh6 62. Kg1 Qc1+ 63. Kf2 Qc2+ 64. Ke3 Qc1+ 65. Kd4
Qg1+ 66. Kc4 Qc1+ 67. Kb5 Qb2+ 68. Ka6 Qa3+ 69. Kb7 Qb3+ 70. Kc8 e5 71. Qd6+
Kh7 72. c7 Qxg3 73. Qe7+ Kh8 74. Qf6+ Kh7 75. Qf5+ Kh8 76. Qxh5+ 1-0

[Event "Kasparov Cup"]
[Site "Moscow"]
[Date "1997.??.??"]
[Round "?"]
[White "Grischuk, Alexander"]
[Black "Zakharov, Alexander S"]
[Result "1/2-1/2"]
[WhiteElo "2340"]
[BlackElo "2330"]
[PlyCount "60"]
[EventDate "1997.??.??"]
[EventType "swiss"]
[EventRounds "9"]
[EventCountry "RUS"]
[SourceTitle "EXT 2000"]
[Source "ChessBase"]
[SourceDate "1999.11.16"]
[SourceVersion "1"]
[SourceVersionDate "1999.11.16"]
[SourceQuality "1"]

1. e4 e6 2. d4 d5 3. Nd2 Nf6 4. e5 Nfd7 5. Bd3 c5 6. c3 b6 7. Nh3 Ba6 8. Bxa6
Nxa6 9. O-O Nc7 10. Nf4 Be7 11. Qg4 g6 12. Re1 c4 13. Nf3 b5 14. h4 h6 15. Nh3
a5 16. h5 g5 17. Nh2 f5 18. exf6 Nxf6 19. Qe2 Rg8 20. Ng4 Nxg4 21. Qxg4 Kd7 22.
f4 gxf4 23. Qe2 Bd6 24. Bxf4 Qh4 25. Bxd6 Kxd6 26. Qe5+ Kc6 27. Nf4 Rg5 28. Qe3
Qg4 29. Re2 Kd6 30. Rf1 Re8 1/2-1/2

[Event "RUS-ch U16"]
[Site "Kazan"]
[Date "1997.??.??"]
[Round "4"]
[White "Batsanin, Dmitry"]
[Black "Grischuk, Alexander"]
[Result "1-0"]
[WhiteElo "2300"]
[BlackElo "2340"]
[PlyCount "79"]
[EventDate "1997.??.??"]
[EventType "swiss"]
[EventRounds "9"]
[EventCountry "RUS"]
[SourceTitle "EXT 2000"]
[Source "ChessBase"]
[SourceDate "1999.11.16"]
[SourceVersion "1"]
[SourceVersionDate "1999.11.16"]
[SourceQuality "1"]

1. e4 e5 2. Nf3 Nc6 3. d4 exd4 4. Nxd4 Bc5 5. Nxc6 Qf6 6. Qd2 dxc6 7. Nc3 Be6
8. Na4 Rd8 9. Bd3 Bd4 10. O-O a6 11. Qa5 Qe5 12. Qxe5 Bxe5 13. Be3 b5 14. f4
Bf6 15. Nc3 Bd4 16. Bxd4 Rxd4 17. a4 Bc8 18. Rfd1 b4 19. Ne2 Rd7 20. Bc4 Nf6
21. Rxd7 Kxd7 22. Rd1+ Ke7 23. e5 Ne4 24. Nd4 Bd7 25. Nb3 f5 26. Bxa6 c5 27.
Bd3 Bxa4 28. Bxe4 Bxb3 29. cxb3 fxe4 30. Kf2 g5 31. g3 gxf4 32. gxf4 Rg8 33.
Ke3 Rg4 34. Rd2 Rh4 35. Kxe4 Rh3 36. f5 Rxb3 37. f6+ Ke6 38. Rf2 Kf7 39. e6+
Kxe6 40. f7 1-0

[Event "RUS-ch U16"]
[Site "Kazan"]
[Date "1997.??.??"]
[Round "6"]
[White "Grigoriants, Sergey"]
[Black "Grischuk, Alexander"]
[Result "1/2-1/2"]
[WhiteElo "2315"]
[BlackElo "2340"]
[PlyCount "61"]
[EventDate "1997.??.??"]
[EventType "swiss"]
[EventRounds "9"]
[EventCountry "RUS"]
[SourceTitle "EXT 2000"]
[Source "ChessBase"]
[SourceDate "1999.11.16"]
[SourceVersion "1"]
[SourceVersionDate "1999.11.16"]
[SourceQuality "1"]

1. e4 e5 2. Nf3 Nc6 3. Bb5 a6 4. Ba4 Nf6 5. O-O Be7 6. Re1 b5 7. Bb3 d6 8. c3
O-O 9. h3 Nd7 10. d4 Bf6 11. a4 Bb7 12. Ba2 exd4 13. cxd4 Nb4 14. Bb3 c5 15.
Bf4 bxa4 16. Bxa4 Nb6 17. Bb3 cxd4 18. Nxd4 Be5 19. Qd2 Bxf4 20. Qxb4 Re8 21.
Nc3 Bd2 22. Re2 Bxc3 23. Qxc3 Rxe4 24. Bxf7+ Kxf7 25. Qf3+ Qf6 26. Rxe4 Qxf3
27. Nxf3 Bxe4 28. Ng5+ Ke7 29. Nxe4 d5 30. Nc5 a5 31. b3 1/2-1/2

[Event "Moscow-ch op"]
[Site "Moscow"]
[Date "1998.??.??"]
[Round "3"]
[White "Grischuk, Alexander"]
[Black "Vorobiov, Evgeny E"]
[Result "1-0"]
[WhiteElo "2395"]
[BlackElo "2475"]
[PlyCount "95"]
[EventDate "1998.??.??"]
[EventType "swiss"]
[EventRounds "9"]
[EventCountry "RUS"]
[SourceTitle "EXT 2000"]
[Source "ChessBase"]
[SourceDate "1999.11.16"]
[SourceVersion "1"]
[SourceVersionDate "1999.11.16"]
[SourceQuality "1"]

1. e4 c5 2. Nf3 e6 3. d4 cxd4 4. Nxd4 Nf6 5. Nc3 d6 6. g4 h6 7. Bg2 Nc6 8. h3
Qc7 9. Be3 a6 10. f4 Be7 11. Nb3 b5 12. Qe2 Bb7 13. O-O-O O-O-O 14. Kb1 Nd7 15.
Qf2 Kb8 16. a4 b4 17. Nb5 axb5 18. axb5 Nc5 19. bxc6 Qxc6 20. Na5 Qb5 21. Nxb7
Kxb7 22. Rd4 Ra8 23. Rxd6 e5 24. fxe5 Qa5 25. Kc1 Bxd6 26. exd6 Nd3+ 27. cxd3
Qa1+ 28. Kc2 Rhc8+ 29. Bc5 b3+ 30. Kxb3 Qa4+ 31. Kc3 Rxc5+ 32. Qxc5 Rc8 33. e5+
Kb8 34. d4 Rxc5+ 35. dxc5 Qa5+ 36. Kc4 Qa4+ 37. Kc3 Qa5+ 38. Kc4 Qa4+ 39. Kc3
Qf4 40. Rd1 Qxe5+ 41. Kc2 Qe2+ 42. Rd2 Qc4+ 43. Kb1 Qb4 44. Rd1 Qa4 45. Bf3 Kc8
46. c6 Kd8 47. c7+ Kd7 48. Rc1 1-0

[Event "Moscow-ch op"]
[Site "Moscow"]
[Date "1998.??.??"]
[Round "7"]
[White "Grischuk, Alexander"]
[Black "Gelman, Alexander"]
[Result "1-0"]
[WhiteElo "2395"]
[BlackElo "2440"]
[PlyCount "77"]
[EventDate "1998.??.??"]
[EventType "swiss"]
[EventRounds "9"]
[EventCountry "RUS"]
[SourceTitle "EXT 2000"]
[Source "ChessBase"]
[SourceDate "1999.11.16"]
[SourceVersion "1"]
[SourceVersionDate "1999.11.16"]
[SourceQuality "1"]

1. e4 d6 2. d4 g6 3. Nc3 Bg7 4. Nge2 Nf6 5. g3 O-O 6. Bg2 e5 7. h3 c6 8. a4 a5
9. O-O Na6 10. Bg5 Nb4 11. Qd2 Qc7 12. Rad1 Re8 13. g4 Be6 14. d5 Bc8 15. dxc6
Qxc6 16. Nb5 Be6 17. Nec3 Bc4 18. Rfe1 Red8 19. b3 Be6 20. Re2 Rd7 21. Qe3 Ne8
22. Red2 Bf8 23. Qg3 Qc8 24. Bf1 h6 25. Be3 Kh7 26. f4 exf4 27. Bxf4 Qd8 28.
Nd4 Rc8 29. Nxe6 fxe6 30. Bc4 Qe7 31. g5 Nc6 32. Kh1 Bg7 33. Nb5 Rcd8 34. gxh6
Be5 35. Rg2 Qf7 36. Rf1 Qg8 37. Qg4 Re7 38. Bg5 Rdd7 39. Rgf2 1-0

[Event "RUS-Cup02"]
[Site "Moscow"]
[Date "1998.??.??"]
[Round "7"]
[White "Grischuk, Alexander"]
[Black "Lugovoi, Aleksei"]
[Result "1-0"]
[WhiteElo "2395"]
[BlackElo "2540"]
[PlyCount "62"]
[EventDate "1998.01.21"]
[EventType "swiss"]
[EventRounds "9"]
[EventCountry "RUS"]
[SourceTitle "EXT 1999"]
[Source "ChessBase"]
[SourceDate "1998.11.16"]
[SourceVersion "1"]
[SourceVersionDate "1998.11.16"]
[SourceQuality "1"]

1. e4 c5 2. Nf3 Nc6 3. d4 cxd4 4. Nxd4 Nf6 5. Nc3 d6 6. Bg5 e6 7. Qd2 Be7 8.
O-O-O O-O 9. f4 h6 10. Bh4 e5 11. Nf5 Bxf5 12. exf5 exf4 13. Kb1 d5 14. Bxf6
Bxf6 15. Nxd5 Be5 16. Bc4 b5 17. Bxb5 Rb8 18. c4 Nd4 19. Rhe1 f6 20. Ba4 Nxf5
21. Bb3 Nd4 22. Qd3 a5 23. Re4 a4 24. Bxa4 Ne6 25. b4 Nc5 26. Qc2 Qa5 27. Bb5
Qa3 28. bxc5 Qxc5 29. Re2 Rfd8 30. Qb3 Ra8 31. a4 Kh8 1-0

[Event "RUS-Cup02"]
[Site "Moscow"]
[Date "1998.??.??"]
[Round "8"]
[White "Grischuk, Alexander"]
[Black "Popov, Valerij"]
[Result "1-0"]
[WhiteElo "2395"]
[BlackElo "2505"]
[PlyCount "45"]
[EventDate "1998.01.21"]
[EventType "swiss"]
[EventRounds "9"]
[EventCountry "RUS"]
[SourceTitle "EXT 1999"]
[Source "ChessBase"]
[SourceDate "1998.11.16"]
[SourceVersion "1"]
[SourceVersionDate "1998.11.16"]
[SourceQuality "1"]

1. e4 c5 2. Nf3 d6 3. d4 cxd4 4. Qxd4 a6 5. c4 Nc6 6. Qd2 g6 7. Be2 Nf6 8. Nc3
Bg7 9. O-O Bg4 10. Rb1 O-O 11. b3 Qa5 12. Bb2 b5 13. cxb5 axb5 14. Qe3 Bxf3 15.
Bxf3 Nd7 16. Rfd1 Rab8 17. Be2 Rfc8 18. Rd5 Nc5 19. Bf3 Nb4 20. Rd2 Nc6 21. Ba1
b4 22. Nd5 Bxa1 23. Rxa1 1-0

[Event "RUS-Cup02"]
[Site "Moscow"]
[Date "1998.??.??"]
[Round "9"]
[White "Voitsekhovsky, Stanislav"]
[Black "Grischuk, Alexander"]
[Result "1/2-1/2"]
[WhiteElo "2540"]
[BlackElo "2395"]
[PlyCount "57"]
[EventDate "1998.01.21"]
[EventType "swiss"]
[EventRounds "9"]
[EventCountry "RUS"]
[SourceTitle "EXT 1999"]
[Source "ChessBase"]
[SourceDate "1998.11.16"]
[SourceVersion "1"]
[SourceVersionDate "1998.11.16"]
[SourceQuality "1"]

1. e4 e5 2. Nf3 Nc6 3. Nc3 Nf6 4. g3 Bc5 5. Bg2 d6 6. d3 a6 7. O-O O-O 8. h3
Be6 9. g4 h6 10. Kh1 d5 11. Nxe5 Nxe5 12. d4 Nxe4 13. Nxe4 dxe4 14. dxc5 Bc4
15. Re1 Nf3 16. Bxf3 exf3 17. Bf4 Be2 18. Qxd8 Raxd8 19. Bxc7 Rd2 20. Rac1 g5
21. Bd6 Re8 22. Kh2 Kh7 23. Kg3 Kg6 24. c4 Re4 25. b4 Rxc4 26. Rxc4 Bxc4 27. a4
Rb2 28. Re8 Rb1 29. Kxf3 1/2-1/2